00269nam a2200109Ia 4500008004000000082001600040100001800056245001300074260003600087300001000123650002600133210210b1990 xxu||||| |||| 00| 0 eng d a653.42 GARE aGARTSIDE (L). aEnglish. aAllahabad.bNot Mentionedc1990 ax,198 aSecretarial English